| 000 | 00558nam a22001937a 4500 | ||
|---|---|---|---|
| 003 | BUBTL | ||
| 008 | 210816b xxu||||| |||| 00| 0 eng d | ||
| 020 | _a9789848792094 | ||
| 082 | _a343.087 / R1293p | ||
| 100 |
_94127 _aRahman, Md. Raziur |
||
| 245 |
_aPrinciples of International Trade Law / _cMd. Raziur Rahman |
||
| 250 | _a1st edn. | ||
| 260 |
_aDhaka : _bShams Publications, _cc2016. |
||
| 300 |
_axl, 422 p. : _c22 cm. |
||
| 650 | 0 |
_926 _aLaw |
|
| 856 |
_k0 _l0 _yDownload |
||
| 942 |
_2ddc _cBK |
||
| 999 |
_c6512 _d6512 |
||